000 00843nam a2200253Ia 4500
003 OSt
005 20220926015005.0
006 a|||||r|||| 00| 0
007 ta
008 220923b |||||||| |||| 00| 0 eng d
037 _cGeneral Book
040 _aRTL
_cRTL
_beng
041 _2eng
_aeng
082 _aX:957.73.N6, K0
110 _aNational Industrial Conference Board (New York)
_9321414
245 0 _aSeverance pay patterns in nonmanufacturing
260 _aNew York
_bNational Industrial Conference Board U S A
_c1960
300 _a32p.
_ccm.
490 _aIts studies in personnel policy. 178. Conference Board reports
650 _aEmployment and Serivce
_9247336
700 _aNational Industrial Conference Board (New York)
_9321415
942 _hX:957.73.N6, K0
_cGB
_2CC
999 _c630313
_d630313